| 000 | 00906nam a22002297a 4500 | ||
|---|---|---|---|
| 001 | 36776 | ||
| 003 | BD-RjUL | ||
| 005 | 20211209052535.0 | ||
| 008 | 140902s1986 bg ||||| b||| 00| 0 ben d | ||
| 035 | _a(BD-RjUL)36878 | ||
| 040 |
_aBD-RjUL _bben _cBD-RjUL |
||
| 041 | _aben | ||
| 082 |
_a891.4414 _bSAR 1986 |
||
| 100 |
_aসরকার, মোঃ সোলায়মান আলী _9112184 |
||
| 245 |
_aরবীন্দ্র দর্শন / _cমোঃ সোলায়মান আলী সরকার |
||
| 260 |
_aরাজশাহী : _bমোসাম্মৎ সায়েরা খাতুন, _c১৯৮৬. |
||
| 300 |
_a৭৪ পৃ. ; _c২০ সেমি. |
||
| 504 | _aগ্রন্থপঞ্জী সংযুক্ত | ||
| 600 |
_aTagore, Rabindranath _9166393 |
||
| 600 |
_aঠাকুর, রবীন্দ্রনাথ _9166394 |
||
| 942 |
_2ddc _cBK |
||
| 999 |
_c36776 _d36776 |
||